LEADER 01073nam a22002531i 4500 001 991001950179707536 005 20040110153337.0 008 040407s1965 it a||||||||||||||||ita 035 $ab12847951-39ule_inst 035 $aARCHE-082757$9ExL 040 $aDip.to Scienze Storiche$bita$cA.t.i. Arché s.c.r.l. Pandora Sicilia s.r.l. 082 04$a709.45 100 1 $aBossaglia, Rossana$010570 245 10$aTestimonianze critiche dell'età Liberty in Italia :$b1895-1910 /$cRossana Bossaglia 260 $aMilano :$b[s.n.],$c1965 300 $aP. 903-950 :$bill. ;$c23 cm 500 $aEstr. da: Arte in Europa: scritti di storia dell'arte in onore di Edoardo Arslan. 650 4$aLiberty$zItalia$y1895-1910 907 $a.b12847951$b02-04-14$c16-04-04 912 $a991001950179707536 945 $aLE009 ARTE MISC. 9/19 (Fondo Bottari)$g1$iLE009-3484/19$lle009$o-$pE0.00$q-$rn$so $t0$u0$v0$w0$x0$y.i13403837$z16-04-04 996 $aTestimonianze critiche dell'età Liberty in Italia$9302290 997 $aUNISALENTO 998 $ale009$b16-04-04$cm$da $e-$fita$git $h0$i1